| 000 | 00600nam a22002057a 4500 | ||
|---|---|---|---|
| 999 |
_c34652 _d34652 |
||
| 003 | OSt | ||
| 005 | 20240213231641.0 | ||
| 008 | 240213b ||||| |||| 00| 0 eng d | ||
| 020 | _a978-17-34497373 | ||
| 040 |
_aBMC _cBMC |
||
| 082 | _a658.155 | ||
| 100 | 1 |
_948108 _aMun, Johnathan |
|
| 245 | 1 | 0 |
_aModelación de riesgos _cJohnathan Mun; [traducción, Julián Meléndez, et al] |
| 250 | _a3ª ed | ||
| 260 |
_aEEUU _bIIPER _ccop. 2015-2016 |
||
| 300 |
_aXXXIII, 608 p. _c25 cm |
||
| 650 | 2 | 4 |
_98578 _aGestión del riesgo |
| 700 | 1 |
_948109 _aMeléndez, Julián |
|
| 942 |
_2ddc _cBK _hprozim |
||